00889nam a2200217Ia 4500003000900000008004100009020001800050040001600068080002200084111010300106245017800209260004300387300001000430490001500440650002600455650002200481700003400503942000700537999001700544952011000561IN-BaIIA211028s9999 xx 000 0 eng d a92-9092-684-8 cIIA Library a523.9(082.2)bSOL aInternational Meeting on Solar Jets and Coronal PlumescGuadeloupe, Franced1998 Feb. 23-26925527 0aSolar jets and coronal plumesbproceedings of an International meeting on solar jets and coronal plumes, Guadeloupe, France, February 23-26, 1998cedited by Tan-Duc Guyenne  aNoordwijkbEuropean Space Agencyc1998 a374p. aESA SP-421 aCoronal plumes925528 aSolar Jets925529 aGuyenne, Tan-Duc,. ed.925530 cBK c14400d14400 00104070aBANbBANcGENd2001-12-26l0o523.9(082.2)/ SOLp15320r2021-11-05w2001-12-26yBKG€ 35.00